María del Carmen /
Salvato in:
| Autore principale: | |
|---|---|
| Natura: | Sconosciuto |
| Lingua: | Spanish |
| Soggetti: | |
| Tags: |
Aggiungi Tag
Nessun Tag, puoi essere il primo ad aggiungerne!!
|
MARC
| LEADER | 000000000a22000000004500 | ||
|---|---|---|---|
| 001 | 006965 | ||
| 041 | 0 | |a spa | |
| 100 | 1 | |a Fonseca Gutiérrez, Julio, |d 1885-1950 | |
| 245 | 1 | 0 | |a María del Carmen / |c Julio Fonseca Gutiérrez. |
| 650 | 4 | |a MÚSICA COSTARRICENSE | |
| 650 | 4 | |a PARTITURAS | |
| 650 | 4 | |a VALSES | |
| 773 | 0 | |x 1013-9060 |d San José, Costa Rica : Editorial de la Universidad Estatal a Distancia |t Revista Nacional de Cultura |g número 9 (1990), páginas 68-72 | |
| 942 | |c ARC | ||
| 999 | |c 13086 |d 13086 | ||
